| 000 | 00000nas 2200000za 4500 |
| 001 | 9.501309 |
| 003 | CaOODSP |
| 005 | 20200325111338 |
| 007 | cr ||||||||||| |
| 008 | 150406d20032003xxc|| m o||||f| |0fre|d |
| 040 | |aCaOODSP|bfre |
| 043 | |an-cn--- |
| 086 | 1 |aBT31-4/2003F-PDF |
| 110 | 1 |aCanada. |bConseil du trésor. |
| 245 | 10|aRapport sur le rendement pour la période se terminant le 31 mars 2003 |h[ressource électronique] |
| 260 | |aOttawa - Ontario : |bSecrétariat du Conseil du Trésor du Canada |
| 362 | 1 |aPour la période se terminant le 31 mars 2003 |
| 691 | 07|aBudget|2gcpds |
| 691 | 07|aÉvaluation du rendement|2gcpds |
| 775 | 08|tPerformance report for the period ending March 31, 2003 |w(CaOODSP)9.504909 |
| 776 | 0#|tPerformance report for the period ending March 31, 2003 |w(CaOODSP)9.510916 |
| 776 | 0#|tRapport sur le rendement pour la période se terminant le 31 mars 2003 |w(CaOODSP)9.510917 |